000 00634nam a2200229Ia 4500
003 OSt
005 20221002054940.0
006 a|||||r|||| 00| 0
007 ta
008 220930b |||||||| |||| 00| 0 urd d
024 _a71201
037 _cReference Collections
040 _aCRL
_cCRL
_burd
041 _2urd
_aurd
082 _aO168,1:g(Y:38), M3(RR)
100 _aJaved Sualiman Izhar Au.
_9576526
245 0 _aUrdu shairi mein ashariyat
260 _c1983
650 _aURDU POETRY
942 _hO168,1:g(Y:38), M3(RR)
_cref
_2CC
999 _c926311
_d926311